<?xml version="1.0" encoding="UTF-8"?><?xml-stylesheet type="text/xsl" href="static/style.xsl"?><OAI-PMH xmlns="http://www.openarchives.org/OAI/2.0/" xmlns:xsi="http://www.w3.org/2001/XMLSchema-instance" xsi:schemaLocation="http://www.openarchives.org/OAI/2.0/ http://www.openarchives.org/OAI/2.0/OAI-PMH.xsd"><responseDate>2026-06-02T21:34:25Z</responseDate><request verb="GetRecord" identifier="oai:riuma.uma.es:10630/6570" metadataPrefix="marc">https://riuma.uma.es/rest/oai/request</request><GetRecord><record><header><identifier>oai:riuma.uma.es:10630/6570</identifier><datestamp>2026-02-03T12:23:40Z</datestamp><setSpec>com_10630_2254</setSpec><setSpec>col_10630_37959</setSpec></header><metadata><record xmlns="http://www.loc.gov/MARC21/slim" xmlns:dcterms="http://purl.org/dc/terms/" xmlns:doc="http://www.lyncode.com/xoai" xmlns:xsi="http://www.w3.org/2001/XMLSchema-instance" xsi:schemaLocation="http://www.loc.gov/MARC21/slim http://www.loc.gov/standards/marcxml/schema/MARC21slim.xsd">
   <leader>00925njm 22002777a 4500</leader>
   <datafield ind2=" " ind1=" " tag="042">
      <subfield code="a">dc</subfield>
   </datafield>
   <datafield ind2=" " ind1=" " tag="720">
      <subfield code="a">Sánchez-Ollero, José Luis</subfield>
      <subfield code="e">author</subfield>
   </datafield>
   <datafield ind2=" " ind1=" " tag="720">
      <subfield code="a">Marchante-Mera, Andrés Jesús</subfield>
      <subfield code="e">author</subfield>
   </datafield>
   <datafield ind2=" " ind1=" " tag="720">
      <subfield code="a">García-Pozo, Alejandro</subfield>
      <subfield code="e">author</subfield>
   </datafield>
   <datafield ind2=" " ind1=" " tag="720">
      <subfield code="a">López-Rubio, José</subfield>
      <subfield code="e">author</subfield>
   </datafield>
   <datafield ind2=" " ind1=" " tag="260">
      <subfield code="c">2013-11-19</subfield>
   </datafield>
   <datafield ind2=" " ind1=" " tag="520">
      <subfield code="a">In this work, we analyze the effect of labour flexibility on productivity in the Andalusian hotel industry. For this purpose, we use the data obtained by the Quality, Productivity and Competitiveness in the Hospitality Industry for Andalusia project (PO7/SEJ-02889). Using a expanded version of the Cobb-Douglas production function, the model distinguishes two employment shares: full-time permanent (standard work) and temporary plus part-time employees (non-standard work).  Our results indicate that productivity in Andalusian hotels is lower the higher the percentage of temporary and part-time workers. Furthermore, there are no statistically significant differences between the negative impact on productivity of both types of labour contract. However, since the costs associated with both temporary and part-time workers are lower than those of workers with full-time permanent contracts, future studies should analyze the differential impact of all the types of contracts discussed on the mean cost per employee in hotels.</subfield>
   </datafield>
   <datafield ind1="8" ind2=" " tag="024">
      <subfield code="a">http://hdl.handle.net/10630/6570</subfield>
   </datafield>
   <datafield tag="653" ind2=" " ind1=" ">
      <subfield code="a">Hostelería - Andalucía - Productividad</subfield>
   </datafield>
   <datafield ind2="0" ind1="0" tag="245">
      <subfield code="a">Effect of labour flexibility on productivity in the andalusian hotel industry</subfield>
   </datafield>
</record>
</metadata></record></GetRecord></OAI-PMH>